=LDR 00000nam 2200000 4500 =001 INLIS000000000010817 =005 20130612102430 =008 ***********************************Ind** =035 ##$$0010-061300000010817 =041 ##$$a Ind =082 ##$$a 411 =090 ##$$a 411, Dar m =100 ##$$a Darmadi, Kaswan =245 ##$$a maningkat kan kemampuan Menulis, panduan untuk mahasiswa dan calon mahasiswa , Kaswan Darmadi =260 ##$$a 1996 $b Yogyakarta =300 ##$$a 105 hlm, 23 cm =650 ##$$a bahasa Indonesia =650 ##$$a Menulis =850 ##$$a NBPNMAT